000 00831namaa22001691 4500
001 174053
003 ES-MaACL
005 20230908063202.0
008 100210s1909 sp r |||| | spa d
100 1 _aAmado, Enrique.
_9234080
245 1 3 _aLa madre tierra
_b: paso de comedia de costumbres gallegas [en un acto] original y en prosa /
_cEnrique Amado.
260 _aMadrid :
_bSociedad de Autores Españoles,
_c1909 (
_fTalleres del diario El Mundo)
300 _a25 p. ;
_c19 cm.
500 _aEn port.: Estrenado en el Teatro español la noche del 25 de febrero de 1909.
852 _aES-MaACL
_jF-8648(5)
_z- Enc. pasta española, conservando la cub. original
_z- Enc. en un vol. facticio formando parte de la col. facticia "Teatro español moderno" v. 105
_z- Dedicatoria autógrafa del autor
999 _c174053
_d174053